| 000 | 02144nam1a2200397 i 4500 | ||
|---|---|---|---|
| 001 | RU\NLR\BIBL_A\022375339 | ||
| 005 | 20241118001354.0 | ||
| 010 | _a978-5-6051099-2-1 | ||
| 035 | _a(NLR Aleph) 022375339 | ||
| 090 |
_a13270761 _c13270761 |
||
| 100 | _a20241107g20199999k y0rusy50 ca | ||
| 101 | 0 |
_arus _aeng _aper |
|
| 102 | _aRU | ||
| 105 | _a||||z|||||||| | ||
| 181 | 0 |
_ai3 _baxxe |
|
| 181 | 0 |
_ab2 _bxb2e |
|
| 182 | 0 | _an | |
| 200 | 1 |
_aОружие и доспехи в ханствах Средней Азии (Бухара, Коканд, Хива) конца ХVIII - начала ХХ в. _dArms and armor of khanates Central Asia (Bukhara, Kokand, Khiva) of the late 18th - early 20th centuries _e[монография] _fДмитрий Милосердов _g[автор вступительной статьи: Стефан Прадин] |
|
| 203 |
_aТекст _aИзображение _bвизуальные _cнепосредственные |
||
| 210 |
_aСанкт-Петербург _cАтлант _d2019- |
||
| 215 | _d30 | ||
| 300 | _aЗагл. корешка и авантит.: Оружие и доспехи в ханствах Средней Азии | ||
| 300 | _aАвт. также на англ. яз.: Dmitriy Miloserdov | ||
| 300 | _aЧасть текста на англ. и персид. яз. | ||
| 320 | _aБиблиогр. в конце разд. и в подстроч. примеч. | ||
| 320 | _aДр. кн. авт. на 4-й с. обл. | ||
| 510 | 1 |
_6z20790 _aArms and armor of khanates Central Asia (Bukhara, Kokand, Khiva) of the late 18th - early 20th centuries _zeng |
|
| 516 | 1 | _aОружие и доспехи в ханствах Средней Азии | |
| 606 | 1 |
_aВооружение _xИстория _yСредняя Азия _z18 - 20 вв. _2nlr_sh2 _3RU\NLR\AUTH\6601746995 |
|
| 686 | 1 | _aЦ9г(5) | |
| 700 | 1 |
_aМилосердов _bД. Ю. _gДмитрий Юрьевич _3RU\NLR\AUTH\770273889 |
|
| 790 | 1 |
_6z20510 _aMiloserdov _bD. J. _gDmitrij Jur'evič _3RU\NLR\AUTH\770273890 |
|
| 852 |
_aNLR _j2024-8/2691 |
||
| 942 | _cBOOK | ||